| 000 | 00414nam a2200157Ia 4500 | ||
|---|---|---|---|
| 008 | 221030s9999 xx 000 0 und d | ||
| 020 | _a8126531295 | ||
| 041 | _aEnglish | ||
| 100 | _aH. H. West | ||
| 245 | 0 |
_aFundamentals of Structural Analysis _cby H. H. West, L. F. Geschwindner |
|
| 260 |
_bWilley Pub. _aNew Delhi _c2013 |
||
| 300 | _a567 | ||
| 650 | _aCivil | ||
| 700 | _aL. F. Geschwindner | ||
| 942 | _cBK | ||
| 999 |
_c17886 _d17886 |
||